[Event "Novgorod"]
[Site "Novgorod"]
[Date "1995.05.29"]
[Round "3"]
[White "Gulko, Boris F"]
[Black "Kramnik, Vladimir"]
[Result "0-1"]
[WhiteElo "2595"]
[BlackElo "2715"]
[Annotator "Ribli,Z"]
[PlyCount "76"]
[EventDate "1995.05.??"]
[EventType "tourn"]
[EventRounds "9"]
[EventCountry "RUS"]
[EventCategory "17"]
[SourceTitle "CBM 048"]
[Source "ChessBase"]
[SourceDate "1995.10.01"]
[SourceVersion "1"]
[SourceVersionDate "1995.10.01"]
[SourceQuality "1"]

1. c4 {Dolmatov} e5 2. Nc3 Nf6 3. Nf3 Nc6 4. g3 g6 5. d4 (5. Bg2 Bg7 6. O-O O-O
7. d3 d6 {-> A26}) 5... exd4 (5... d6 $2 {Dolmatov} 6. dxe5 Nxe5 7. Nxe5 dxe5
8. Qxd8+ Kxd8 9. Bg5 Be7 10. O-O-O+ Nd7 11. h4 f6 12. Be3 c6 13. h5 $16 {
Petrosian,T-Bannik,A/URS/1958/}) 6. Nxd4 Bg7 7. Nxc6 (7. Bg2 O-O 8. O-O Re8 9.
Nxc6 (9. Nc2 d6 10. b3 Bf5 11. Rb1 a5 $1 $13 {Hansen,Cu-Akopian,V/Groningen/
1991/CBM27/INF53,32/}) 9... dxc6 (9... bxc6 10. Qa4 Bb7 11. Bf4 $14 {Miles,
A-Ivanchuk,V/Biel/1989/CBM14/INF48,21/}) 10. Bf4 Qe7 11. e4 Ng4 $13 {Tukmakov,
V-Romanishin,O/Erevan/1980/INF29,58/}) 7... dxc6 $5 {Eine Neuerung.} (7... bxc6
{Dolmatov} 8. Bg2 O-O 9. O-O a5 10. Be3 Re8 11. Bd4 Rb8 12. b3 Bb7 13. Rc1 d6
14. c5 $14 {Gheorghiu,F-Hebert,R/Buenos Aires/1978/}) 8. Qxd8+ Kxd8 {Kramnik
hat recht, seine Figuren sind aktiv und das ist genueg Kompensation fuer den
Doppelbauern auf der c-Linie.} 9. e4 (9. Bf4 $5 {Dolmatov} Be6 10. e4) (9. Bd2
$5 $14 {Dolmatov}) 9... Bg4 10. Be2 Bxe2 11. Kxe2 Re8 12. f3 Nd7 13. Bg5+ (13.
Bd2 {Dolmatov} f5) 13... Kc8 (13... f6 $5 {Dolmatov} 14. Bd2 (14. Be3 f5) 14...
f5 15. Rad1 $132) 14. Rac1 a5 $1 (14... f5 $6 {Dolmatov} 15. Rhd1 fxe4 16. Nxe4
Bxb2 17. Rc2 $44) 15. Rhd1 $6 (15. b3 $5 {Weiss sollte das gegnerische
Manoever (a4 und Ra5) verhindern.}) (15. b3 $5 {Dolmatov} f5 (15... a4 16. Nxa4
b5 17. cxb5 cxb5 18. Nc3 Bxc3 19. Rxc3 Rxa2+ 20. Ke3 f6 21. Bf4 c5 $14) 16.
Rhd1 Bxc3 17. Rxc3 fxe4 18. fxe4 Rxe4+ 19. Kf2 $44) 15... a4 $1 16. Rd2 {
Droht Rcd1.} Nf8 (16... Ra5 $2 {Dolmatov} 17. Rcd1 $1 Rxg5 18. Rxd7 $16) 17.
Be3 Ra5 18. a3 $2 {Dieser Zug sieht sehr schlecht aus. Man fuehlt schon jetzt,
dass bei dem weis- sen Damenfluegel etwas nicht stimmt.} (18. Bd4 $5) (18. Kd3
$5 {Dolmatov} Rd8+ (18... Ne6 19. Kc2 $10) 19. Kc2 Rxd2+ 20. Bxd2 $14) 18...
Ne6 19. Kf2 {/\20.f4 Nc5 21.Bc5 Rc5 22.Na4} (19. f4 $2 {Dolmatov} Nc5 20. Bxc5
Rxc5 21. Nxa4 Rxe4+ 22. Kf3 Rcxc4 23. Rcd1 Rcd4 $17) 19... g5 20. Rcd1 (20.
Rcc2 {Dolmatov}) 20... f5 21. exf5 Bxc3 $1 {Sehr starker Zwischenzug.} 22. bxc3
Rxf5 23. Rd7 (23. g4 $5 {Dolmatov} Rf7 24. Kg3 $15) 23... h5 24. Rh7 (24. Kg2
b6 $1 $17) 24... g4 (24... Ref8 $2 {Dolmatov} 25. Rxh5 Rxf3+ 26. Ke2) 25. f4 {
[#]} Ng5 $1 26. Rg7 (26. Rxh5 Ne4+ $19) 26... Ne4+ 27. Kf1 Nd6 $1 (27... Nxc3
$2 28. Rdd7 Rxe3 29. Rxc7+ Kd8 30. Rxb7 $10) (27... Nxg3+ $4 28. hxg3 Rxe3 29.
Rg8+ $18) 28. Bb6 (28. c5 Nc4 29. Bg1 (29. Rdd7 Nxe3+ 30. Kf2 Nd5 31. c4 Rd8
$19) 29... Rd5 $19) 28... Rf7 $1 (28... Nxc4 $2 {Dolmatov} 29. Rxc7+ Kb8 30.
Rdd7 Nxb6 31. Rxb7+ Kc8 32. Rbc7+ $10) 29. Rxf7 Nxf7 30. Bd4 (30. Bc5 b6 31.
Bd4 c5 $19) 30... Nd6 31. c5 Nc4 32. Kf2 (32. f5 {Dolmatov} Ne3+ 33. Bxe3 Rxe3
34. Rd2 Rxc3 $17) 32... b5 $1 (32... Nxa3 $2 {Dolmatov} 33. Ra1 Nc2 34. Rxa4)
33. cxb6 (33. f5 {Dolmatov} Nxa3 34. f6 Nc4 35. Re1 Kd7 $19) 33... cxb6 34. Bf6
(34. f5 Rf8 35. f6 c5 $19) 34... b5 35. Rd4 (35. Ra1 Kc7 {/\ c5,Kc6,Re3 -+})
35... Nxa3 36. Rd6 Kc7 37. Be5 Nc4 38. Re6+ Kd7 {Nach dem fruehzeitigen
Damentausch koennte man nicht glauben, dass Schwarz so ueberzeugend gewinnen
wird.} 0-1

[Event "Lyon zt"]
[Site "Lyon"]
[Date "1990.??.??"]
[Round "4"]
[White "Seret, Jean Luc"]
[Black "Miralles, Gilles"]
[Result "1/2-1/2"]
[WhiteElo "2405"]
[BlackElo "2460"]
[Annotator "Ribli,Z"]
[PlyCount "82"]
[EventDate "1990.04.??"]
[EventType "tourn"]
[EventRounds "13"]
[EventCountry "FRA"]
[EventCategory "8"]
[SourceTitle "CBM 018"]
[Source "ChessBase"]
[SourceDate "1990.10.01"]
[SourceVersion "1"]
[SourceVersionDate "1990.10.01"]
[SourceQuality "1"]

1. c4 e5 2. g3 Nf6 3. Bg2 d5 4. cxd5 Nxd5 5. Nc3 Nb6 6. Nf3 Nc6 7. O-O Be7 8.
a3 O-O 9. b4 Be6 10. Rb1 f6 11. d3 Nd4 12. Nxd4 exd4 13. Ne4 Bd5 14. Bb2 f5 15.
Nd2 Bxg2 $6 {15...a5 16.b5, Bf6 17.Bxd5, Nxd5  Azmayparashvili} 16. Kxg2 Qd5+ {
16...Kh8 17.Nf3, Bf6 18.Rc1 Azmayparashvili-Chandler London 1989 i 48/23} 17.
Kg1 a5 18. Qb3 axb4 19. axb4 Ra4 20. b5 {20.Bxd4, Rxb4 21.Qxd5+, Nxd5} Rb4 21.
Qxd5+ Nxd5 22. Nc4 Bc5 23. Ba1 Rxb1 24. Rxb1 Ra8 25. Kf1 Ra2 26. Bb2 h5 27. Ra1
Rxa1+ 28. Bxa1 Nc3 29. Ne3 $1 dxe3 {29...Nxb5 30.Nxf5, Kf7} 30. Bxc3 exf2 31.
Be5 c6 32. bxc6 bxc6 33. Bf4 Kf7 34. e3 Kf6 35. h4 Bb4 36. Kxf2 Bc3 37. Ke2 Ke6
38. Kd1 Kd5 39. Kc2 Ba5 40. Kb3 g6 41. Kc2 Be1 1/2-1/2

[Event "Munich"]
[Site "Munich"]
[Date "1990.??.??"]
[Round "?"]
[White "Gulko, Boris F"]
[Black "Huebner, Robert"]
[Result "1/2-1/2"]
[WhiteElo "2610"]
[BlackElo "2595"]
[Annotator "Ribli,Z"]
[PlyCount "74"]
[EventDate "1990.04.??"]
[EventType "tourn"]
[EventRounds "11"]
[EventCountry "GER"]
[EventCategory "13"]
[SourceTitle "CBM 018"]
[Source "ChessBase"]
[SourceDate "1990.10.01"]
[SourceVersion "1"]
[SourceVersionDate "1990.10.01"]
[SourceQuality "1"]

1. c4 e5 2. g3 Nf6 3. Bg2 d5 4. cxd5 Nxd5 5. Nf3 Nc6 6. O-O Nb6 7. Nc3 Be7 8.
a3 O-O 9. b4 Be6 10. Rb1 f6 11. d3 Nd4 12. Bb2 (12. Nd2 $5) 12... Nxf3+ 13.
Bxf3 c6 14. Qc2 (14. Ne4 Bd5 15. Bc3 Rc8 16. Ba1 {Suba,M-Wolff,P/ Preston 1989}
) 14... Qe8 15. Ne4 Ba2 16. Rbc1 Bd5 17. Nd2 Qf7 18. d4 $5 exd4 19. Bxd4 Rfd8
20. Rfd1 Rd7 {/\ R ad8} 21. Bxd5 Rxd5 22. Nb3 Rad8 23. Bc5 Rxd1+ 24. Rxd1 Rxd1+
25. Qxd1 Nc4 26. Bxe7 Qxe7 27. Nc5 b6 {=} 28. Nd3 g5 29. Nb2 Nxb2 30. Qb3+ Kg7
31. Qxb2 c5 32. bxc5 Qxc5 33. Qb3 b5 34. Qd3 Qc1+ 35. Kg2 Qc6+ 36. f3 a6 37.
Qd4 Qe6 1/2-1/2

[Event "EU-chT (Men) 13th"]
[Site "Leon"]
[Date "2001.11.08"]
[Round "3.2"]
[White "Miezis, Normunds"]
[Black "Stohl, Igor"]
[Result "1/2-1/2"]
[WhiteElo "2501"]
[BlackElo "2534"]
[Annotator "Ribli,Z"]
[PlyCount "101"]
[EventDate "2001.11.06"]
[EventType "team-swiss"]
[EventRounds "9"]
[EventCountry "ESP"]
[SourceTitle "CBM 086"]
[Source "ChessBase"]
[SourceDate "2002.02.05"]
[SourceVersion "1"]
[SourceVersionDate "2002.02.05"]
[SourceQuality "1"]
[WhiteTeam "Latvia"]
[BlackTeam "Slovakia"]
[WhiteTeamCountry "LAT"]
[BlackTeamCountry "SVK"]

1. c4 Nf6 2. Nc3 d5 3. cxd5 Nxd5 4. g3 (4. d4) (4. Nf3) 4... e5 {Durch
Zugumstellung haben wir die Variante 1.c4 e5 2.Nc3 Nf6 3.g3 d5 4.cxd5 Nxd5
erreicht.} (4... g6 5. Bg2 Nxc3 6. bxc3 $14) 5. Bg2 Nb6 6. Nf3 Nc6 7. Rb1 {
Weiß rochiert nicht und spielt auch nicht a3 oder d3 - er möchte sofort b2 -
b4 ziehen.} Bg4 {Dieser Läuferzug richtet sich gegen 8.b4 und provoziert h2 -
h3, wonach Schwarz später gut Qd7 spielen kann.} (7... g6 8. O-O Bg7 9. b4 O-O
10. d3 Nd4 {0-1 Mulyar,M-Baburin,A/San Francisco 2001/CBM 82/[Ribli] (30)}) (
7... f6 8. a3 Nd4 9. d3 Bg4 10. O-O $6 (10. Nxd4 $5 exd4 11. Ne4 Nd5 $6 12. Qb3
f5 13. Ng5 Qe7 14. f3 $16 {Gurevich}) 10... Qd7 11. Nxd4 exd4 12. Ne4 Nd5 $1
13. Qc2 O-O-O 14. Re1 h5 $5 15. Nc5 $1 Qc6 16. b4 b6 17. Bb2 $1 bxc5 18. Bxd4
h4 $1 {1-0 Gurevich,M-Kharlov,A/Jugoslavija 1996/Inf 68/[Gurevich,M] (35)}) (
7... Be7 8. b4 a6 9. a3 O-O 10. O-O Be6 11. d3 f6 12. Ne4 Ba2 13. Rb2 Bd5 14.
Nc5 Rb8 15. e4 Bf7 16. Qc2 $5 Bxc5 17. bxc5 Nc8 $1 18. Be3 N8a7 19. a4 a5 20.
Qc3 $1 {0-1 Miezis,N-Tukmakov,V/Biel (open) 1995/Inf 64/[Tukmakov,V] (41)}) 8.
h3 (8. O-O Qd7 (8... f6 9. d4 $5 (9. a3 Nd4 (9... Be7) 10. e3 Nxf3+ 11. Bxf3
Bxf3 12. Qxf3 c6 13. d4 $1 Bd6 14. Rd1 {1-0 Hodgson,J-Hector,J/York 2000/CBM
81/[Ribli] (42)}) 9... Nxd4 10. Nxd4 exd4 11. Nb5 Qd7 $1 12. Qxd4 Qxd4 13. Nxd4
O-O-O 14. h3 $5 Bh5 15. e3 Bf7 16. b3 c5 $1 17. Nb5 a6 18. Nc3 Nd5 $1 {1/2-1/2
Serper,G-Oratovsky,M/North Bay 74/30 1998/Inf 74/[Serper,G] (24)}) 9. b4 f6 10.
b5 Nd4 11. Nxd4 Qxd4 12. Bxb7 Rd8 13. Ne4 Qc4 14. d3 Qxa2 15. Bd2 Qa4 16. Qxa4
Nxa4 17. f3 Bd7 18. Rfc1 {1/2-1/2 Lagunow,A-Muse,M/Germany 1998/GER-chT2 (32)})
(8. b4 $2 Bxb4 9. Nxe5 Nxe5 10. Rxb4 Nd3+ $19) 8... Bf5 {Es scheint, dass
Schwarz ein Tempo verloren hat, anschließend kann er mit Qd7 jedoch die
Schwäche von h3 ausnutzen.} 9. d3 f6 (9... Qd7) 10. a3 {Weiß rochiert nicht 
(denn er möchte nicht wegen der Schwäche h3 ein Tempo verlieren), sondern
beabsichtigt, am Damenflügel zu spielen.} (10. O-O Qd7 11. Kh2 $11 (11. g4 $2
Be6 {[%cal Gh7h5]})) 10... Qd7 (10... a5) 11. b4 $13 {Weiß steht aktiv am
Damenflügel, er konnte schon b2 - b4 durchsetzen, und sein Gegner spielte
schon Bg4 und später Bf5, was eigentlich ein Tempoverlust ist. Auf der anderen
Seite ist die schwarze Stellung solide, und der weiße König steht noch in der
Mitte.} Rb8 (11... a6 $5) (11... a5 $6 12. b5 Nd8 $16 (12... Nd4 13. Nxd4 exd4
14. Bxb7 $18 {[%cal Rb7c6,Rc6e8]})) 12. b5 Nd4 13. a4 (13. Nxd4 $6 exd4 14. Ne4
Nd5 $15 {[%csl Yc3]}) 13... Be6 14. Bd2 (14. a5 Nd5 15. Nxd5 (15. Bd2 $2 Nxc3
16. Bxc3 Nxb5 $17) (15. Nxd4 $4 Nxc3 $19) 15... Bxd5 $15) 14... c5 {Schwarz
festigt seinen Sprngerposten auf d4 und möchte die Situation am Damenflügel
klären.} (14... Nxf3+ $6 15. Bxf3 Bxh3 16. a5 $36) 15. bxc6 Nxc6 (15... bxc6 $2
16. a5 $18) 16. Rb5 {[%csl Gb5] Weiß verhindert das mögliche 16...Nd5, zudem
kann er eventuell a4 - a5 ziehen oder - wie in unserer Partie - das Manöver
Ne4 - Nc5 vorbereiten.} Nc8 (16... Nd5 $2 17. Nxd5 Bxd5 18. Nxe5 $18) 17. Ne4 {
[%cal Ge4c5]} b6 18. Qc1 (18. Bc3 $5 {[%cal Gd3d4] Anschließend spielt Weiß d3
- d4.}) 18... N8e7 (18... Be7 19. O-O O-O $11) 19. O-O {Endlich rochiert Weiß.
Er kümmert sich nicht um die Verteidigung des Ph3.} Rc8 (19... Bxh3 20. Bxh3 (
20. Nd6+ Qxd6 21. Bxh3 $44 {[%cal Gh3c8]}) 20... Qxh3 21. Nd6+ $44) 20. Qb1 Nf5
{[%csl Yd4][%cal Gf5d4] Schwarz hat volle Kontrolle über das wichtige
Zentrumsfeld d4, dafür verfügt Weiß über Entwicklungsvorsprung. Es ist schwer
zu sagen, was hier den Ausschlag gibt.} 21. Bc3 {Weiß muss versuchen, die
Kontrolle über das Feld d4 zu gewinnen.} (21. e3 $6 {Dieser Zug erschwaecht
den d3 - Bauern.} Nd6 22. Nxd6+ Bxd6 $15) 21... Be7 22. a5 $5 {Weiß opfert
einen Bauern für Initiative.} (22. Rc1 O-O $15) 22... bxa5 (22... Nxa5 23. Bxa5
bxa5 24. Rxa5 $13 (24. Rb7 $44)) 23. Nc5 (23. Bxa5 Nfd4 24. Nxd4 Nxd4 $17 {
[%cal Rd7h3,Rd4e2]}) 23... Bxc5 24. Rxc5 O-O 25. Rc1 {Weiß nimmt den Pa5 nicht,
sondern verbessert seine Stellung am Damenflügel.} (25. Bxa5 $2 Ncd4 $17) 25...
a4 $15 {Schwarz hat einen Mehrbauern, aber der Pa4 ist nicht wirklich
gefährlich.} 26. Qa1 Bb3 {[%csl Gb3]} 27. g4 {Zuerst vertreibt Weiß den Nf5
und spielt im nächsten Zug Nd2.} (27. Nd2 Ncd4 28. Bxd4 Nxd4 $17) 27... Nfe7 (
27... Nfd4 28. Nxd4 Nxd4 29. Bxd4 exd4 30. Rxc8 Rxc8 31. Rxc8+ Qxc8 32. Qxd4
$132) 28. Nd2 Nd4 (28... Rfd8) 29. Bxd4 exd4 (29... Qxd4 $6 30. Nxb3 axb3 31.
Qxd4 exd4 32. Bd5+ $1 (32. Rxc8 Rxc8 33. Rxc8+ Nxc8 34. Bd5+ Kf8 35. Bxb3 a5
$15) 32... Kh8 33. Bxb3 $14) 30. Qb2 (30. Nxb3 axb3 $17) 30... Rxc5 (30... Be6)
31. Rxc5 Rb8 32. Qc1 {[%cal Gc1c7][%mdl 2048] Weiß hat aktives Figurenspiel am
Damenflügel.} Rc8 {Schwarz gibt seinen Mehrbauern zurück, um die Stellung zu
vereinfachen.} (32... Bd5 $2 33. Bxd5+ Nxd5 34. Qc4 Rd8 35. Qxd4 $14) 33. Nxb3
axb3 34. Qc4+ Kf8 35. Rxc8+ Qxc8 (35... Nxc8 36. Qxb3 $11) 36. Qxb3 {[%mdl
4096]} Qc1+ 37. Bf1 (37. Kh2 {In diesem Fall erreicht Schwarz durch 37...Qf4+
mindestens Remis durch Zugwiederholung.}) 37... Qc5 38. Qb8+ Kf7 39. Bg2 a5 {
[%csl Ga5] Der entfernte schwarze a - Bauer ist sehr stark.} 40. Be4 {[%csl
Ge4]} h5 $6 {Schwarz täte besser daran, die Stellung geschlossen zu halten.} (
40... h6 $5) 41. f4 hxg4 42. hxg4 g5 $6 {Warum schwächt Schwarz seine
Königsstellung?} (42... a4 $1) 43. Qb3+ Kg7 44. f5 $132 {[%cal Gb3e6]} Qb4 45.
Qc2 (45. Qe6 Qe1+ 46. Kg2 Qxe2+ 47. Kg3 Qe3+ 48. Kg2 Ng8 $17) 45... Qc3 $6 (
45... a4 $1) 46. Qa2 a4 $6 (46... Qb4) 47. Qxa4 $11 Qe1+ 48. Kg2 Qxe2+ 49. Kg3
{Schwarz hat Dauerschach, aber nicht mehr.} Qe1+ 50. Kg2 Qe2+ 51. Kg3 1/2-1/2

[Event "FIDE-Wch k.o."]
[Site "Groningen"]
[Date "1997.12.10"]
[Round "1.4"]
[White "Hjartarson, Johann"]
[Black "Sulskis, Sarunas"]
[Result "1-0"]
[WhiteElo "2605"]
[BlackElo "2510"]
[Annotator "Ribli,Z"]
[PlyCount "72"]
[EventDate "1997.12.09"]
[EventType "k.o."]
[EventRounds "7"]
[EventCountry "NED"]
[SourceTitle "CBM 063"]
[Source "ChessBase"]
[SourceDate "1998.03.26"]
[SourceVersion "1"]
[SourceVersionDate "1998.03.26"]
[SourceQuality "1"]

1. c4 Nf6 2. Nc3 e5 3. Nf3 Nc6 4. g3 Bb4 {Nach diesem Zug verläuft das Spiel
ruhiger und weniger konkret als in der anderem Hauptvariante mit 4...d5.Ribli.}
5. Bg2 O-O 6. Nd5 {[%csl Gd5] Weiß besetzt das Zentrumsfeld d5 und möchte sich
das Läuferpaar verschaffen.} Nxd5 (6... Re8 $5) (6... Bc5 $5) 7. cxd5 Nd4 8.
Nxd4 exd4 9. Qc2 $5 $146 {Beide Spieler haben ihren Doppelbauern, aber der
weiße Pd5 ist dank der Unterstützung durch den Bg2 stärker. Mit der
Partiefortsetzung aktiviert Weiß seine Dame und droht 10.Qc4 mit Bauerngewinn.
Prinzipiell hat Weiß immer positionellen Druck auf der c-Linie.} (9. O-O Bd6
10. e4 dxe3 11. dxe3 c5 12. Qc2 Be7 13. Bd2 d6 14. a4 Bf6 15. Bc3 Re8 16. e4
Bd7 17. Rfe1 Bxc3 18. bxc3 Re7 19. a5 Qc7 20. c4 Rae8 {1/2-1/2 Smejkal,
J-Kortschnoj,V/Leningrad izt 1973}) (9. b3 Be7 10. Bb2 c5 11. O-O d6 12. e3
dxe3 13. fxe3 f5 14. e4 Bf6 15. d4 Bxd4+ 16. Bxd4 cxd4 17. Qxd4 Qb6 18. Qxb6 {
1/2-1/2 Polugaevsky,L-Kuzmin,G/URS-ch41 1973}) 9... d6 {[%csl Rb4] Nach diesem
Zug steht der Läufer allein auf b4 und findet seinen Platz.} (9... Bd6 $5) (
9... Ba5) (9... Qe7 10. Qxc7 $14) 10. O-O a5 11. e3 Bc5 (11... dxe3 12. dxe3
$14 {Weiß übt aufgrund des Bg2 und des Pd5 sowie der Vorherrschaft auf der
halboffenen c-Linie positionellen Druck aus.} (12. fxe3 $5)) 12. b3 Qf6 {
Schwarz möchte den Pd4 so lange wie möglich halten.} 13. Bb2 $14 {[%cal Gb2f6]}
Bf5 14. d3 (14. e4 Bd7 (14... d3 $4 15. Qc1 $18) 15. d3 $14 {Weiß besitzt die
Bauernmehrheit am Königsflügel, und der schwarze Bc5 hat keine große Zukunft.})
14... Qh6 {Schwarz opfert einen Bauern und spekuliert darauf, daß die weißen
d-Bauern keine große Bedeutung haben.} (14... Qg6 15. e4 Bd7 16. f4 $14) 15.
Bxd4 Bxd4 16. exd4 {Eine ungewöhnliche Stellung mit einem weißen Trippelbauern
auf der d-Linie. Es ist wahr, daß die d-Bauern nicht besonders stark sind,
aber der schwarze Pc7 ist ebenfalls schwach,und zudem besitzt Weiß Raumvorteil.
} Rac8 17. Rae1 Qf6 18. Qc3 b5 $2 (18... b6 {19.Qxa5 war wegen 19...Qxd4 keine
echte Drohung. In einigen Varianten ist der schwarze Pa5 jedoch schwach. Die
Partiefortsetzung ist zu aggressiv und schwächt den schwarzen Damenflügel,
ohne Kompensation zu bekommen.}) 19. Re3 {[%cal Gf1e1,Ge1e8] Weiß möchte die
einzige offene Linie besetzen.} b4 20. Qc4 {[%csl Ra5,Rb4]} Rfe8 21. Rfe1 Kf8 (
21... Rxe3 22. fxe3 $16 {Jetzt ist die weiße Bauernmasse viel stärker.}) 22.
Qb5 {[%cal Re1e8]} (22. Rxe8+ Rxe8 23. Rxe8+ Kxe8 24. Qxc7 Qxd4 $132 {[%csl
Gd4,Rg1]}) 22... Red8 (22... Rxe3 23. fxe3 $16) 23. Rf3 {[%csl Gf3,Rf6][%cal
Rf3f6] Die Feßlung auf der f-Linie ist unangenehm für Schwarz.} Re8 {Natürlich
wäre Schwarz mit der Fortsetzung 24.Rfe3 Red8 -mit Zugwiederholung-
einverstanden.} 24. Ree3 Qg5 {Die schwarze Dame muß ihr Feld räumen. Damit ist
die weiße Dame von der Deckung des Pd4 entbunden und kann den Pa5 nehmen.} (
24... Rxe3 25. fxe3 $16) 25. Qxa5 {Weiß hat schon zwei Bauern mehr, und
Schwarz ist ohne Gegenspiel. Dennoch ist die Realisierung des Materialvorteils
wegen des Trippelbauerns nicht leicht.} Bg4 26. Rf4 Rxe3 (26... Ra8 27. Qxc7
$18) 27. fxe3 {Nun ist die weiße Bauernmasse viel mächtiger als früher.} c5 28.
h4 (28. dxc6 $4 {Das wäre ein großer Fehler, aber horizontale Motive sind
leicht zu übersehen.} Qxa5) 28... Qg6 29. dxc5 Bh3 {Schwarz opfert alles, wie
die Spieler im letzten Jahrhundert! Leider bekommt Schwarz nur ein paar
Schachs für die Figur.} 30. Bxh3 $18 Qxg3+ 31. Bg2 Qxe3+ 32. Rf2 Kg8 (32...
Qe1+ 33. Bf1 $18) 33. Qxb4 {Schwarz hat keine Chance, er ist verloren. Ich
vermute, er befand sich in Zeitnot und machte daher noch ein paar Züge.} g5 34.
Qg4 {[%cal Rg4g8,Rg4c8]} Qxc5 35. Qxg5+ Kf8 36. Qf6 {[%cal Rf2f7]} Ke8 {
Und Schwarz gab in völlig verlorener Stellung auf.Ribli.} (36... Ke8 37. Qxf7+
Kd8 38. Bh3 $18) 1-0